000 00622nam a2200205Ia 4500
003 GCL
008 140319s9999 xx 000 0 ara d
040 _aGCL /
_cGCL
082 0 4 _a330
_bم م
100 1 _aمحمد سليمان هدى
245 1 0 _aمناهج البحث الاقتصادى /
_cمحمد سليمان هدى
260 _a[S.N] :
_bدار المعرفة الجامعية
300 _a545 ص
490 _a
650 0 4 _aالعالم العربى
650 0 4 _aالاقتصاد
650 0 4 _aالتنبؤات الاقتصادية
650 0 4 _aالبحوث الاقتصادية
942 _2ddc
_cBK
999 _c32383
_d32383